zpět

Detail výsledku týmu

Pivní Zkušebna, Frýdek-Místek

Datum a čas kvízu

9.5 Celkem bodů Celkový počet nahraných bodů na tomto kvízu bez doplňovacích otázek.
4. Pořadí na kvízu Konečné umístění týmu na tomto kvízu.

Zaznamenané odpovědi

# Otázka Odpověď Body Výsledky
1. Bývalá první dáma oslavila v ú... Ivana Zemanová, 60 0.5
2. V pondělí byl v Paříži zahájen... Kim Kardashian 0
3. Jak se jmenuje Miss Czech Repu... Linda Górecká 0
4. Který evropský poloostrov post... Pyrenejský (Iberský) 1
5. Česká rychlobruslařka Martina... Nikola Zdráhalová 0
6. Podíváme se na několik známých... Cheops / Chufu (Chufev) 0
7. V Egyptě ještě chvíli zůstane... Tutanchamon 0
8. Kdo je pohřben pod tímto náhro... Josef Skupa 0
9. Ve které evropské metropoli se... v Paříži 0
10. V poslední otázce tématu se po... Jenny Gump 0